Ōsaka keizaishi kenkyū,

Saved in:
Bibliographic Details
Main Author: Kanno, Watarō, 1895-1976.
Format: Book
Language:Japanese
Published: Ōsaka, Kōbundō Shoten, Shōwa 10 [1935]
Series:Ōsaka Shōka Daigaku kenkyū sōsho, dai 5-6-satsu
Subjects:
Tags: Add Tag
No Tags, Be the first to tag this record!
LEADER 01397cam a2200337 4500
001 007743375-0
005 20024617115958.0
008 900924s1935 ja b 000 0 jpn
010 |a j 65002825 
035 0 |a ocm22424366 
040 |a DLC  |c WaU  |d *YNH*  |d CStRLIN 
050 0 |a HC463.O82  |b K3 
100 1 |6 880-01  |a Kanno, Watarō,  |d 1895-1976. 
245 1 0 |6 880-02  |a Ōsaka keizaishi kenkyū,  |c Kanno Watarō cho. 
260 |6 880-03  |a Ōsaka,  |b Kōbundō Shoten,  |c Shōwa 10 [1935] 
300 |a 2 v.  |c 23 cm. 
490 1 |6 880-04  |a Ōsaka Shōka Daigaku kenkyū sōsho,  |v dai 5-6-satsu 
500 |6 880-05  |a Vol. 2 has title: Zoku Ōsaka keizaishi kenkyū. 
504 |a Includes bibliographical notes. 
651 0 |a Osaka (Japan)  |x Economic conditions  |x History. 
740 0 |6 880-06  |a Zoku Ōsaka keizaishi kenkyū. 
880 1 |6 100-01  |a 菅野和太郎,  |d 1895- 
880 1 0 |6 245-02  |a 大阪經濟史硏究,  |c 菅野和太郎著. 
880 |6 260-03  |a 大阪,  |b 甲文堂書店,  |c 昭和10 [1935] 
880 1 |6 490-04  |a 大阪商科大學研究叢書,  |v 第5-6册 
880 |6 500-05  |a Vol. 2 has title: 續大阪經濟史硏究. 
880 0 |6 740-06  |a 續大阪經濟史硏究. 
810 2 |6 880-07  |a Ōsaka Shōka Daigaku.  |t Ōsaka Shōka Daigaku kenkyū sōsho ;  |v dai 5-6-satsu. 
880 2 |6 810-07  |a 大阪商科大學.  |t 大阪商科大學研究叢書,  |v 第5-6册. 
988 |a 20021214 
906 |0 DLC